Velo de mi alma / (Registro nro. 8104)

Detalles MARC
000 -LIDER
fixed length control field 00840nam a2200265 a 4500
001 - NÚMERO DE CONTROL
Identificador de número de control 000035757
003 - IDENTIFICACDOR DE NÚMERO DE CONTROL
control field DO-SdBNP
005 - DATE AND TIME OF LATEST TRANSACTION
control field 20171009102936.0
007 - CAMPOS FIJOS DE DESCRIPCIÓN FÍSICA
fixed length control field 000035757
008 - ELEMENTOS DE LONGITUD FIJA
fixed length control field 111110s2011 dr a g 001 0 spa d
020 ## - ISBN
International Standard Book Number 9789945872637
040 ## - FUENTE DE CATALOGACIÓN
Agencia que crea de manera original el registro BPMSU
Idioma de catalogación spa
Agencia que realiza la transcripción BPMSU
082 #4 - NÚMERO DE CLASIFICACIÓN DECIMAL DE DEWEY
Classification number RD861.5
Item number G216v
100 1# - ASIENTO PRINCIPAL -- NOMBRE PERSONAL
Nombre personal García Paulino, Reyna Celeste
245 10 - MENCIÓN DE TITULO
Título Velo de mi alma /
Mención de responsabilidad Reyna Celeste García ; Prólogo Diómedes Núñez Polanco.
260 ## - PUBLICACIÓN, DISTRIBUCIÓN, ETC. (PIE DE IMPRENTA)
Lugar de publicación, distribución, etc Bonao, República Dominicana :
Nombre del editor, distribuidor, etc. Talleres AZ,
Fecha de publicación, distribución, etc 2011.
300 ## - DESCRIPCIÓN FÍSICA
Extensión 81 p. :
Otros detalles físicos il. ;
Dimensiones 21 cm.
650 #4 - ENCABEZAMIENTO DE MATERIA--TEMÁTICO
Término temático o nombre geográfico como elemento de entrada POESÍA DOMINICANA
650 #4 - ENCABEZAMIENTO DE MATERIA--TEMÁTICO
Término temático o nombre geográfico como elemento de entrada LITERATURA DOMINICANA
700 1# - ASIENTO SECUNDARIO -- NOMBRE PERSONAL
Nombre personal Núñez Polanco, Diómedes,
Fechas asociadas con el nombre 1952-
Mención de responsabilidad pról.
910 ## - VALIDACIÓN
Validación Validado. Control de calidad EMS
942 ## - ADDED ENTRY ELEMENTS (KOHA)
Source of classification or shelving scheme Dewey Decimal Classification
Koha item type Libros
945 ## - INFORMACIÓN DE PROCESAMIENTO LOCAL
Información de procesamiento local Inventariado / 2017 VM
956 ## - LOCAL ELECTRONIC LOCATION AND ACCESS (OCLC)
Nombre de host VMATEO
Número de acceso 10
Información de compresión 20150806
Inicio de sesión BPMSU
Procesador de solicitud 00151
Existencias
Withdrawn status Lost status Source of classification or shelving scheme Damaged status Not for loan Collection code Home library Current library Date acquired Source of acquisition Total Checkouts Full call number Barcode Date last seen Copy number Price effective from Koha item type
    Dewey Decimal Classification     Colección Dominicana Biblioteca Pública Metropolitana Salomé Ureña Biblioteca Pública Metropolitana Salomé Ureña 08/06/2015 Donado   RD861.5 G216v BPMSU15080135 08/06/2015 08/06/2015 Libros
    Dewey Decimal Classification     Colección Dominicana Biblioteca Pública Metropolitana Salomé Ureña Biblioteca Pública Metropolitana Salomé Ureña 08/06/2015 Donado   RD861.5 G216v BPMSU15080136 08/06/2015 e. 2 08/06/2015 Libros
    Dewey Decimal Classification     Colección Dominicana Biblioteca Pública Metropolitana Salomé Ureña Biblioteca Pública Metropolitana Salomé Ureña 10/09/2017 Donado   RD861.5 G216v BPMSU17100007 10/09/2017 e. 3 10/09/2017 Libros